00574 2200217 4500001002100000005001500021035002000036007000300056008004100059020002100100082001400121084002000135100001600155245006000171260003400231300002200265650002000287700002500307990001200332990001200344INLIS00000000000140220180131030915 a0010-0118000220ta180131 g 1 ind  a978-979-257412-8 a899.221 3 a899.221 3 MAS z0 aMASHDAR, Z.1 aZalzalah /cMashdar Z.; penyunting, Farid Ikhsan Asbani aYogyakarta :bSemesta,c[s.a] a322 hlm. ;c21 cm aFIKSI INDONESIA0 aFARID, Ikhsan Asbani a16404 a a16404 b